Europe in transition / (Record no. 152112)
[ view plain ]
| 000 -LEADER | |
|---|---|
| fixed length control field | 00679nam a22002057a 4500 |
| 005 - DATE AND TIME OF LATEST TRANSACTION | |
| control field | 20180517133549.0 |
| 010 ## - LCCN (DPL NO) | |
| LC control number | B-691983 |
| 020 ## - INTERNATIONAL STANDARD BOOK NUMBER | |
| International Standard Book Number | 9788173048531 |
| Terms of availability | 595.00 |
| 035 ## - SYSTEM CONTROL NUMBER | |
| System control number | B-691983 |
| 037 ## - SOURCE OF ACQUISITION | |
| Source of stock number/acquisition | RK Books |
| 082 ## - DEWEY DECIMAL CLASSIFICATION NUMBER | |
| Classification number | 940.2 |
| 100 ## - MAIN ENTRY--PERSONAL NAME | |
| Personal name | Sinha, Arvind |
| 245 ## - TITLE STATEMENT | |
| Title | Europe in transition / |
| Statement of responsibility, etc | by Arvind Sinha |
| 260 ## - PUBLICATION, DISTRIBUTION, ETC. (IMPRINT) | |
| Place of publication, distribution, etc | New Delhi |
| Name of publisher, distributor, etc | Manohar |
| Date of publication, distribution, etc | 2010 |
| 270 ## - ADDRESS | |
| Address | 4753/23 Ansari Road , |
| City | Daryaganj |
| Postal code | 110002 |
| 300 ## - PHYSICAL DESCRIPTION | |
| Extent | 782p. |
| Dimensions | 22cm(pbk) |
| 500 ## - GENERAL NOTE | |
| General note | Includes index |
| 942 ## - ADDED ENTRY ELEMENTS (KOHA) | |
| Source of classification or shelving scheme | Dewey Decimal Classification |
| Item type | English Books |
| Call number suffix | SIN |
| Classification part | 940.2 |
| Withdrawn status | Lost status | Not for loan | Collection code | Home library | Current library | Date acquired | Source of acquisition | Cost, normal purchase price | Full call number | Barcode | Copy number | Cost, replacement price | Koha item type |
|---|---|---|---|---|---|---|---|---|---|---|---|---|---|
| Non-fiction | Janak Puri | Janak Puri | 17/05/2018 | RK Books/IN335/16.05.2018/454/10.05.2018/17.05.2018 | 595.00 | 940.2 SIN | B-691983 | 1 | 595.00 | English Books |
